Rappeurs à 4 lettres par images - Statistiques

Statistiques générales
  • Ce quiz a été pris 326 fois
    319 depuis la dernière actualisation
  • Le résultat moyen est 12 sur 20
Statistiques - réponses
Par images Réponse % Correct
GIMS
98%
VALD
95%
Koba
94%
Naza
91%
Zola
90%
Naps
89%
MAES
86%
Gazo
76%
Favé
73%
Leto
73%
Bosh
66%
Niro
55%
OBOY
47%
Kofs
43%
Lefa
39%
LINO
14%
Dali
12%
Lpee
10%
Rsko
10%
Malo
7%
Aucun quiz correspondant
Distribution des résultats
% des personnes avec chaque résultat
Percentile par nombre de réponses
Votre historique - résultats
Vous n’avez pas pris ce quiz depuis la dernière actualisation